000 00479nam a22001691a 4500
020 _a9780192801975
082 _a193.092
_bPET/H
100 _aPeter Singer
_9144211
245 _aHegel:
_ba very short introduction/
_cby Peter Singer
260 _aNew Delhi:
_bOxford University Press,
_c2001.
300 _a131p.
650 _aBiography Hegel
_9144212
650 _aBiography
_9144213
650 _aBiography Philosopher
_9144214
650 _aPhilosophy
_9144215
942 _cBK
999 _c17279
_d17279